000 00298nam a22001457a 4500
008 230522b ||||| |||| 00| 0 eng d
020 _a9782757814727
041 _aFRA
080 _a82
082 _a82MUN
100 _a38
101 _aGJL
245 _aFUGITIVES
_cMUNRO .A
942 _2udc
_cBK
999 _c59796
_d59796